Normal view MARC view
  • MEO [MUHAMMAD SAEED]

Entry Personal Name

Number of records used in: 1

001 - CONTROL NUMBER

  • control field: 35464

003 - CONTROL NUMBER IDENTIFIER

  • control field: OSt

005 - DATE AND TIME OF LATEST TRANSACTION

  • control field: 20260604101939.0

008 - FIXED-LENGTH DATA ELEMENTS

  • fixed length control field: 260604|| aca||aabn | a|a d

040 ## - CATALOGING SOURCE

  • Original cataloging agency: OSt
  • Transcribing agency: OSt

100 ## - HEADING--PERSONAL NAME

  • Personal name: MEO [MUHAMMAD SAEED]

670 ## - SOURCE DATA FOUND

  • Source citation: Work cat.: (OSt)8284: MEO [MUHAMMAD SAEED], GREEN BONDS AND SUSTAINABLE FINANCE 1ST ED: THE EVOLUTION OF PORTFOLIO MANAGEMENT IN CONVENTIONAL MARKETS

Copyright © 2024 Indian Institute of Management Visakhapatnam
Koha v23.05